Hispanoamérica en la ruta de su identidad (Registro nro. 4253)

Detalles MARC
000 -CABECERA
Longitud fija campo de control 00633nam a2200193 a 4500
001 - NÚMERO DE CONTROL
Número de control 1622230
003 - IDENTIFICADOR DELl NÚMERO DE CONTROL
Identificador del número de control OSt
005 - FECHA Y HORA DE LA ÚLTIMA TRANSACCIÓN
Fecha y hora de la última transacción 20140325213002.0
008 - CÓDIGOS DE INFORMACIÓN DE LONGITUD FIJA
Códigos de información de longitud fija 950406s1994 es b 000 0 spa
040 ## - FUENTE DE LA CATALOGACIÓN
Centro catalogador de origen DLC
Centro transcriptor BMC
082 ## - NÚMERO DE LA CLASIFICACIÓN DECIMAL DEWEY
Númeroo de clasificación 980.0102
100 1# - PUNTO DE ACCESO PRINCIPAL-NOMBRE DE PERSONA
Nombre de persona Escamilla, Manuel Luis
9 (RLIN) 9128
245 10 - MENCIÓN DE TÍTULO
Título Hispanoamérica en la ruta de su identidad
Resto del título : encuentro de dos mundos
Mención de responsabilidad, etc. Manuel Luis Escamilla
250 ## - MENCIÓN DE EDICIÓN
Mención de edición 1ª ed
260 ## - PUBLICACIÓN, DISTRIBUCIÓN, ETC. (PIE DE IMPRENTA)
Lugar de publicación, distribución, etc. San Salvador
Nombre del editor, distribuidor, etc. Consejo Nacional para la Cultura y el Arte, Dirección General de Publicaciones e Impresos
Fecha de publicación, distribución, etc. 1994
300 ## - DESCRIPCIÓN FÍSICA
Extensión 329 p.
Dimensiones 23 cm
651 #4 - PUNTO DE ACCESO ADICIONAL DE MATERIA - NOMBRE GEOGRÁFICO
9 (RLIN) 1308
Nombre geográfico América española
Subdivisión de materia general Historia
942 ## - ENTRADA DE ELEMENTOS AGREGADOS (KOHA)
Fuente de clasificaión o esquema Dewey Decimal Classification
Koha [por defecto] tipo de item 1- Monografias
Existencias
Suprimido Perdido Fuente de clasificación o esquema Estropeado Restricciones de uso No para préstamo Código de colección Localización permanente Localización actual Localización en estanter&íacute;as Fecha adquisición Fuente de adquisición Número de inventario Préstamos totales Signatura completa Código de barras Fecha última consulta Coste, precio reemplazado Fecha del precio de reemplazo Tipo de item de Koha Fecha último préstamo
NULL NULL Dewey Decimal Classification NULL Prestable NULL NULL Biblioteca Miguel de Cervantes - UNICAES Biblioteca Miguel de Cervantes - UNICAES Sala Principal 18/11/2013 Donación - Contabilidad 007335   980.01 ESC his 1007335 18/11/2013 18.00 18/11/2013 1- Monografias  
NULL NULL Dewey Decimal Classification NULL Prestable NULL NULL Biblioteca Miguel de Cervantes - UNICAES Biblioteca Miguel de Cervantes - UNICAES Sala Principal 18/11/2013 Donación - UNICO 007336   980.01 ESC his 1007336 18/11/2013 18.00 18/11/2013 1- Monografias  
NULL NULL Dewey Decimal Classification NULL Prestable NULL NULL Biblioteca Miguel de Cervantes - UNICAES Biblioteca Miguel de Cervantes - UNICAES Sala Principal 18/11/2013 Donación - Contabilidad 007337   980.01 ESC his 1007337 18/11/2013 18.00 18/11/2013 1- Monografias  
NULL NULL Dewey Decimal Classification NULL Prestable NULL NULL Biblioteca Miguel de Cervantes - UNICAES Biblioteca Miguel de Cervantes - UNICAES Sala Principal 18/11/2013 Donación - UNICO 007338   980.01 ESC his 1007338 18/11/2013 18.00 18/11/2013 1- Monografias  
NULL NULL Dewey Decimal Classification NULL Prestable NULL NULL Biblioteca Miguel de Cervantes - UNICAES Biblioteca Miguel de Cervantes - UNICAES Sala Principal 18/11/2013 Donación - Romeo Tovar Astorga 007339 2 980.01 ESC his 1007339 28/02/2025 18.00 18/11/2013 1- Monografias 25/02/2025